Tópica y jurisprudencia.

Guardat en:
Dades bibliogràfiques
Autor principal: Viehweg, Theodor (autor)
Altres autors: García de Enterría, Eduardo (prólogo), Díez-Picazo y Ponce de León, Luis María (traducción)
Format: Llibre
Idioma:anglès
Publicat: Madrid, España: Taurus, 1964.
Col·lecció:Ensayistas de Hoy.
Matèries:
Etiquetes: Afegir etiqueta
Sense etiquetes, Sigues el primer a etiquetar aquest registre!

MARC

LEADER 00000nam a22000007a 4500
003 CL-VaPUC
005 20220822114426.0
008 220307t1964 ||||| |||| 00| 0 eng d
999 |c 434726  |d 434724 
040 |c Pontificia Universidad Católica de Valparaíso 
082 7 |a 340.1 VIE 1964  |2 22 
100 |a Viehweg, Theodor  |9 392775  |e autor 
245 |a Tópica y jurisprudencia.  
260 |a Madrid, España:   |b Taurus,   |c 1964. 
300 |a 143 páginas.  
490 |a Ensayistas de Hoy.  
500 |a c.1 Donación Familia Prof. Alejandro Guzmán Brito. 
583 |c 20220307  |k Yessy Stephany Diaz Vidal 
650 |a Filosofía del derecho  |9 870672 
650 |a Teoría del derecho  |9 870673 
700 |a García de Enterría, Eduardo  |9 254850  |e prólogo 
700 |a Díez-Picazo y Ponce de León, Luis María  |9 432109  |e traducción  
942 |2 ddc  |c BK  |n 0 
952 |0 0  |1 0  |2 ddc  |4 0  |6 340_100000000000000_VIE_1964  |7 0  |8 C_AGB  |9 581682  |a BIBDER  |b BIBDER  |d 2022-03-07  |e Donación   |i 5649757  |o 340.1 VIE 1964  |p 5649757  |r 2023-01-25  |t 1  |w 2022-03-07  |y BK_US  |k AGB